Truyện cổ một số dân tộc thiểu số

Giới thiệu các truyện cổ dân gian của một số dân tộc thiểu số ở A Lưới (Thừa Thiên-Huế), người Chăm ở núi Hòn Ông (Bình Định), người Cơ Ho (Lâm Đồng), người Sán Chay ở phía Bắc và người Tày Nùng (Lạng Sơn)....

Cijeli opis

Spremljeno u:
Bibliografski detalji
Format: Knjiga
Jezik:Undetermined
Izdano: Hà Nội Văn hoá dân tộc 2012
Teme:
Oznake: Dodaj oznaku
Bez oznaka, Budi prvi tko označuje ovaj zapis!
Thư viện lưu trữ: Trung tâm Học liệu Trường Đại học Cần Thơ
LEADER 00904nam a2200181Ia 4500
001 CTU_189099
008 210402s9999 xx 000 0 und d
082 |a 398.209597 
082 |b H452 
245 0 |a Truyện cổ một số dân tộc thiểu số 
245 0 |c Nhiều tác giả 
260 |a Hà Nội 
260 |b Văn hoá dân tộc 
260 |c 2012 
520 |a Giới thiệu các truyện cổ dân gian của một số dân tộc thiểu số ở A Lưới (Thừa Thiên-Huế), người Chăm ở núi Hòn Ông (Bình Định), người Cơ Ho (Lâm Đồng), người Sán Chay ở phía Bắc và người Tày Nùng (Lạng Sơn). 
650 |a Folk literature, vietnamese,Văn học dân gian Việt Nam 
904 |i Giang 
980 |a Trung tâm Học liệu Trường Đại học Cần Thơ